Knot or Not Quiz Stats

Quiz Updated Nov 13, 2014

Also try: Shot or Not?
Challenge
Share
Tweet
Embed
Score 0/50 Timer 05:00
0 Plays Today
Alleged Knot K(not) or N(ot) % Correct
Windsor Knot???
91.7%
Reef Knot???
77.5%
Australian Braid???
71.3%
Jamaican Down-Splice???
70%
Slip Knot???
68.7%
Sheepshank???
66.1%
Sailor's Whipping???
65.9%
Monkey's Fist???
65.4%
Trucker's Hitch???
65.4%
New Gamma Knot???
65%
Constrictor Knot???
64.8%
Back Splice???
62.3%
Alpine Butterfly Loop???
61.5%
Butcher's Knot???
61.2%
Girth Hitch???
59.2%
Snell Knot???
58.7%
Grapevine Knot???
58.6%
Cobra Knot???
57.8%
Crown Sinnet???
56.5%
Eye Splice???
56.1%
Lennon Twist???
54.2%
Carrick Bend???
52.9%
Perfection Loop???
51.1%
Woggle Knot???
49.7%
Fleetwood Chain???
49.5%
Alleged Knot K(not) or N(ot) % Correct
Hillary Bend???
48.9%
Becket Bend???
48%
Egg Loop???
47.8%
Waif Knot???
46.8%
Zeppelin Bend???
45.9%
European Death-Knot???
45.7%
Baltic Knot???
44.4%
Buffalo Knot???
41.1%
Henle Loop???
40.8%
Q Bend???
40.4%
Yosemite Bowline???
40.3%
Möbius Twist???
39.7%
Georgian Winding Knot???
39%
Canterbury Sinnet???
38.8%
Spline Loop???
38.7%
Great Knot???
38.6%
Triadic Knot???
38.1%
Douglas Hitch???
37.5%
Unbreakable Swiss Hitch???
37%
Rudder Strap Knot???
36.4%
Simple Belt Knot???
36.1%
Seattle Bowline???
35.4%
Seamstress Braid???
33%
Kite Knot???
29.7%
Double Ploughman's Hitch???
27.7%

You're not logged in!

Compare scores with friends on all Sporcle quizzes.
Join for Free
OR
Log In

You Might Also Like...

Show Comments

Extras

Top Quizzes Today


Score Distribution

Your Account Isn't Verified!

In order to create a playlist on Sporcle, you need to verify the email address you used during registration. Go to your Sporcle Settings to finish the process.

Report this User

Report this user for behavior that violates our Community Guidelines.

Details: